আরণ্য সংস্কৃতি / (Record no. 38583)
[ view plain ]
| 000 -LEADER | |
|---|---|
| fixed length control field | 00937mam a2200229 a 4500 |
| 001 - CONTROL NUMBER | |
| control field | 38583 |
| 003 - CONTROL NUMBER IDENTIFIER | |
| rucl marc code | BD-RjUL |
| 005 - DATE AND TIME OF LATEST TRANSACTION | |
| control field | 20211209052826.0 |
| 008 - FIXED-LENGTH DATA ELEMENTS--GENERAL INFORMATION | |
| fixed length control field | 160712s1977 bg af b 001 0 ben |
| 035 ## - SYSTEM CONTROL NUMBER | |
| System control number | (BD-RjUL)38691 |
| 040 ## - CATALOGING SOURCE | |
| Original cataloging agency | DLC |
| Transcribing agency | GZM |
| Language of cataloging | ben |
| 041 ## - LANGUAGE CODE | |
| Language code of text/sound track or separate title | ben |
| 082 ## - DEWEY DECIMAL CLASSIFICATION NUMBER | |
| Edition number | 22 |
| Classification number | B 305.80095492 |
| Author mark and year | SAA 1977 |
| 100 1# - MAIN ENTRY--PERSONAL NAME | |
| Personal name | সাত্তার, আবদুস |
| 9 (RLIN) | 119064 |
| 245 10 - TITLE STATEMENT | |
| Title | আরণ্য সংস্কৃতি / |
| Statement of responsibility, etc. | আবদুস সাত্তার |
| 260 ## - PUBLICATION, DISTRIBUTION, ETC. (IMPRINT) | |
| Place of publication, distribution, etc. | ঢাকা : |
| Name of publisher, distributor, etc. | মুক্তধারা, |
| Date of publication, distribution, etc. | ১৯৭৭. |
| 300 ## - PHYSICAL DESCRIPTION | |
| Pagination | ১১, ২৭৫ পৃ., [৮] প্লেট পাতা : |
| Illustrations | চিত্র ; |
| Size | ২২ সেমি. |
| 504 ## - BIBLIOGRAPHY, ETC. NOTE | |
| Bibliography, etc | বিবলিওগ্রাফি ও ইনডেক্স অন্তর্ভুক্ত আছে. |
| 650 #0 - SUBJECT ADDED ENTRY--TOPICAL TERM | |
| Topical term or geographic name as entry element | Ethnology |
| Geographic subdivision | Bangladesh. |
| 9 (RLIN) | 119065 |
| Topical term or geographic name as entry element | জাতিতত্ত্ব |
| Geographic subdivision | বাংলাদেশ |
| 9 (RLIN) | 119066 |
| 942 ## - ADDED ENTRY ELEMENTS (KOHA) | |
| Source of classification or shelving scheme | Dewey Decimal Classification |
| Koha item type | Books |
| Lost status | Source of classification or shelving scheme | Damaged status | Not for loan | Collection code | Permanent Location | Current Location | Shelving location | Date acquired | Source of acquisition | Cost, normal purchase price | Total Checkouts | Full call number | Date last seen | Copy number | Koha item type |
|---|---|---|---|---|---|---|---|---|---|---|---|---|---|---|---|
| Dewey Decimal Classification | Non-fiction | Central Library, University of Rajshahi | Central Library, University of Rajshahi | 25/04/1977 | Ureka Book Agency | 25.00 | B 305.80095492 SAA 1977 | 17/01/2016 | C-2 | Books | |||||
| Dewey Decimal Classification | Non-fiction | Central Library, University of Rajshahi | Central Library, University of Rajshahi | 25/04/1977 | Ureka Book Agency | 25.00 | B 305.80095492 SAA 1977 | 12/07/2016 | C-3 | Books | |||||
| Dewey Decimal Classification | Non-fiction | Central Library, University of Rajshahi | Central Library, University of Rajshahi | 30/06/1981 | Ureka Book Akademi, Rajshahi | 25.00 | B 305.80095492 SAA 1977 | 29/10/2016 | C-4 | Books | |||||
| Dewey Decimal Classification | Not For Loan | Non-fiction | Central Library, University of Rajshahi | Central Library, University of Rajshahi | Reading Room | 07/04/1977 | Euroca Book Agency | 25.00 | B 305.80095492 SAA 1977 | 31/12/2020 | C-1 | Books |